Curso de obligaciones / (Registro nro. 29171)

Detalles MARC
000 -LEADER
fixed length control field 00740nam a2200217Ia 4500
003 - CONTROL NUMBER IDENTIFIER
control field CO-CtgCURN
005 - DATE AND TIME OF LATEST TRANSACTION
control field 20250408221613.0
008 - FIXED-LENGTH DATA ELEMENTS--GENERAL INFORMATION
fixed length control field 190723s9999 xx 000 0 und d
020 ## - INTERNATIONAL STANDARD BOOK NUMBER
International Standard Book Number 9586761606
040 ## - CATALOGING SOURCE
Original cataloging agency CO-CtgCURN
Language of cataloging spa
Transcribing agency coctgcurn
082 ## - DEWEY DECIMAL CLASSIFICATION NUMBER
Classification number 346.022
Item number C268c
100 ## - MAIN ENTRY--PERSONAL NAME
Personal name Cardona Hernandez, Guillermo
245 #0 - TITLE STATEMENT
Title Curso de obligaciones /
Statement of responsibility, etc. Guillermo Cardona Hernandez
260 ## - PUBLICATION, DISTRIBUTION, ETC.
Place of publication, distribution, etc. Bogotá, Colombia :
Name of publisher, distributor, etc. Ediciones Doctrina y Ley,
Date of publication, distribution, etc. 2001
300 ## - PHYSICAL DESCRIPTION
Extent 226 páginas ;
Dimensions 24 centímetros
521 ## - TARGET AUDIENCE NOTE
Target audience note AREA PROFESIONAL
590 ## - LOCAL NOTE (RLIN)
Local note Programa de Derecho_18
650 ## - SUBJECT ADDED ENTRY--TOPICAL TERM
Topical term or geographic name entry element Obligaciones (Derecho)
942 ## - ADDED ENTRY ELEMENTS (KOHA)
Koha item type Libros
Classification part 346.022
Item part C268c
Koha issues (borrowed), all copies 2
Source of classification or shelving scheme Dewey Decimal Classification
Suppress in OPAC No
Existencias
Withdrawn status Lost status Damaged status Not for loan Collection Home library Current library Shelving location Date acquired Inventory number Total checkouts Full call number Barcode Date last seen Date last checked out Copy number Price effective from Koha item type
          Miguel Henríquez Castañeda Barranquilla Miguel Henríquez Castañeda Barranquilla General 05/23/2018 02132 2 346.022 C268c 02132 03/01/2024 03/01/2024 ej.1 07/23/2019 Libros